00164nam a22000737a 4500020001800000100001700018245002400035260003100059 a9780545002905 aAnna McQuinn aLola at the Library aNew YorkbScholasticc2006